000 00651nam a2200205Ia 4500
003 GCL
008 140319s9999 xx 000 0 ara d
040 _aGCL /
_cGCL
082 0 4 _a658.3
_bم م
100 1 _aمحمد عثمان اسماعيل حميد
245 1 0 _aالمدخل الحديث فى ادارة الافراد /
_cمحمد عثمان اسماعيل حميد
700 1 _aحمدى مصطفى المعاز
300 _a481 ص
490 _a
650 0 4 _aادارة الاعمال
650 0 4 _aادارة الافراد
650 0 4 _aتقييم الوظائف
650 0 4 _aالعلاقات الوظيفية
942 _2ddc
_cBK
999 _c37611
_d37611